Statistiques concernant Chaque forme de pays d'Afrique

Cliquez ici pour prendre le quiz!

Statistiques générales

  • Ce quiz a été pris 17 445 fois
  • Le résultat moyen est 26 sur 54

Statistiques - réponses

Réponse% Correct
Égypte
97%
Maroc
93%
Algérie
87%
Afrique du Sud
81%
Somalie
81%
Madagascar
76%
Libye
73%
Mali
72%
Namibie
70%
Sénégal
67%
Bénin
65%
Gambie
65%
Cap-Vert
62%
Mozambique
62%
République démocratique du Congo
62%
Togo
58%
Tchad
57%
Angola
56%
Cameroun
55%
Malawi
55%
Sao Tomé-et-Principe
54%
Île Maurice
52%
Éthiopie
51%
Érythrée
50%
Seychelles
50%
Comores
49%
Soudan
49%
Zambie
49%
Tunisie
48%
Guinée équatoriale
46%
Mauritanie
45%
Ghana
43%
Niger
41%
République Centrafricaine
39%
Nigeria
34%
Burkina Faso
32%
Guinée
31%
Botswana
30%
Zimbabwe
30%
Guinée-Bissau
29%
Côte d'Ivoire
28%
Gabon
27%
Liberia
27%
République du Congo
25%
Tanzanie
25%
Soudan du Sud
24%
Kenya
22%
Lesotho
21%
Sierra Leone
21%
Eswatini
20%
Ouganda
20%
Djibouti
18%
Burundi
17%
Rwanda
14%

Distribution des résultats

Percentile par nombre de réponses

% des personnes avec chaque résultat

Votre développement - résultats

Vous n’avez pas pris ce quiz